Animal Alphabet 4 - Statistics

General Stats
  • This quiz has been taken 42 times
  • The average score is 22 of 26
Answer Stats
Picture Hint Answer % Correct
A Alligator
100%
B Bear
100%
D Dolphin
96%
E Elephant
96%
F Fox
96%
J Jaguar
96%
K Kangaroo
96%
C Cheetah
93%
G Giraffe
93%
H Hyena
93%
L Lion
93%
M Moose
93%
O Octopus
93%
P Parrot
93%
S Shark
93%
T Tiger
93%
W Whale
89%
Z Zebra
89%
R Rhinoceros
86%
Y Yak
86%
I Inchworm
68%
Q Quetzal
57%
N Numbat
46%
V Vicuna
46%
U Urial
39%
X Xenopus
39%
No matching quizzes found
Score Distribution
Percent of People with Each Score
Percentile by Number Answered
Your Score History
You have not taken this quiz